Cità pi grande d’Italia - Statistics

General Stats
  • This quiz has been taken 6 times
  • The average score is 9 of 20
Answer Stats
Popolacion Cità % Correct
1,363,715 Milan
100%
2,747,395 Roma
83%
855,713 Torin
83%
905,259 Napoli
67%
249,472 Venecia
67%
255,297 Verona
67%
626,521 Palermo
50%
199,449 Parma
50%
198,652 Trieste
50%
566,221 Zenova
50%
316,251 Bari
33%
391,633 Bologna
33%
201,279 Bressa
33%
297,211 Catania
33%
216,532 Messina
33%
184,349 Modena
17%
208,127 Padova
17%
198,276 Prato
17%
185,212 Taranto
17%
361,760 Fiorença
0%
No matching quizzes found
Score Distribution
Percent of People with Each Score
Percentile by Number Answered
Your Score History
You have not taken this quiz